| 000 | 01062cam a2200289 a 4500 | ||
|---|---|---|---|
| 999 |
_c332298 _d332298 |
||
| 001 | 1068744 | ||
| 003 | NUST | ||
| 005 | 20171123095007.0 | ||
| 008 | 910318s1991 nyu b 001 0 eng | ||
| 010 | _a 91003205 | ||
| 020 |
_a0812919475 : _c$15.00 |
||
| 040 |
_aDLC _cDLC _dDLC |
||
| 043 |
_aap----- _aa-iq--- |
||
| 050 | 0 | 0 |
_aDS79.72 _b.G85 1991 |
| 082 | 0 | 0 |
_a956.704 MIC _220 |
| 245 | 0 | 4 |
_aThe Gulf War reader : _bhistory, documents, opinions / _cEdited by Micah L. Sifry and Christopher Cerf. |
| 250 | _a1st ed. | ||
| 260 |
_aNew York, NY : _bTimes Books, _cc1991. |
||
| 300 |
_axiii, 526 p. ; _c20 cm. |
||
| 500 | _aP.B | ||
| 504 | _aIncludes bibliographical references and index. | ||
| 650 | 0 |
_aPersian Gulf War, 1991. _9432 |
|
| 700 | 1 |
_aSifry, Micah L. _96702 |
|
| 700 | 1 |
_aCerf, Christopher. _96703 |
|
| 906 |
_a7 _bcbc _corignew _d1 _eocip _f19 _gy-gencatlg |
||
| 942 |
_2ddc _cBK _kIESE |
||